000
00506nam a2200169Ia 4500
008
090711s9999 xx 000 0 und d
082
_b
67463
100
_a
राजे नयना
245
_a
मी जिंकले मी हरले
260
_c
1991
300
_a
159
600
_a
राजे नयना
630
_a
मी जिंकले मी हरले
700
_a
राजे नयना
730
_a
मी जिंकले मी हरले
942
_c
BOOK
999
_c
288605
_d
288605